000 01504nam a2200481 i 4500
001 10602
003 KOSZ 005
005 20221024132515.0
008 040519s1975 pl a |000 0 pol
015 _aUWD 1976/784
035 _a991023686599705066
035 _a(PL-WaBN)b16488362-48omnis_nlop
035 _ab16488362
035 _a(OCoLC)830607983
035 _axx002787803
035 _a(PL)b0000001648836
035 _a(EXLNZ-48OMNIS_NETWORK)9910386004405606
040 _aWA N
_cWA N
_dKOSZ 005/HR
041 0 _apol
046 _k1975
080 _a669.017
080 _a621.7
080 _a(075)
100 1 _aOkoniewski, Stefan
_d(1914-2004)
_eAutor
245 1 0 _aTechnologia metali.
_n2 /
_cStefan Okoniewski.
250 _aWyd. 15.
260 _aWarszawa :
_bWydawnictwa Szkolne i Pedagogiczne,
_c1975.
300 _a136, [3] s. :
_bil. ;
_c24 cm.
336 _aTekst
_btxt
_2rdacontent
337 _aBez urządzenia pośredniczącego
_bn
_2rdamedia
338 _aWolumin
_bnc
_2rdacarrier
380 _aKsiążki
388 _a1901-2000
388 _a1945-1989
504 _aBibliogr.
650 7 _aObróbka metali
_2DBN
655 7 _aPodręczniki dla szkół zawodowych
_2DBN
658 _aInżynieria i technika
710 2 _aWydawnictwa Szkolne i Pedagogiczne
_4pbl
856 _uhttp://koha.tu.koszalin.pl/cgi-bin/koha/opac-detail.pl?biblionumber=10602
_yKatalog online BPK
942 _2UKD
_cKS
999 _c10602
_d10602